000
00319nam a2200121Ia 4500
008
191201s2019 xx 000 0 und d
100
_a
Gokhale,S.B & Other
245
0
_a
Pharmacognosy of Traditional Drugs
260
_b
Nirali Prakashan
_a
New Delhi
_c
2019
300
_a
Misc.
650
_a
Pharmacognosy
942
_2
ddc
_c
BK
999
_c
8389
_d
8389